01927nam a22002657a 4500008004100000020001800041040000800059041001300067050002000080100003500100245009000135260004300225300005000268490002600318520089700344546004601241650007201287650004901359655002801408655004301436700005501479942000801534952010401542999001501646250327b |||||||| |||| 00| 0 eng d a9781444198447 cTBS aengapor aPC5444.T97 2016 aTyson-Ward, Sue925067eauthor aComplete Brazilian Portuguese c/ Sue Tyson-Ward, Ethel Pereira de Almeida Rowbotham. aLondon : bJohn Murray Learningc2016. axviii, 317 pages : billustrations ; c25 cm. aTeach yourself books. aComplete Brazilian Portuguese is a comprehensive book and audio language course that takes you from beginner to intermediate level. The new edition of this successful course has been fully revised and is packed with new learning features to give you the language, practice and skills to communicate with confidence. 18 learning units plus two review tests, pronunciation section and glossary; Discovery Method - figure out rules and patterns to make the language stick; Teaches the key skills - reading, writing, listening and speaking; Learn to learn - tips and skills on how to be a better language learner; Culture notes - learn about the people and places of Brazil; Outcomes-based learning - focus your studies with clear aims; Authentic listening activities - everyday conversations give you a flavor of real spoken Brazilian Portuguese; Test Yourself - see and track your own progress. aText in English and Brazilian-Portuguese. 0aPortuguese languagevTextbooks for foreign speakersxEnglish925068 0aPortuguese languagexSelf-instruction925069 0aSelf-instruction924883 0aTextbooksxfor English speakers922374 aAlmeida Rowbotham, Ethel Pereira de925070eauthor 2lcc 00102lcc4070aTBSbTBSd2025-03-27l0oP-PT LEARNpB05938r2025-03-27t1w2025-03-27yPORTUGUESE c4600d4600